L'école obligatoire : pour quoi faire ? Une question trop souvent éludée (Record no. 2932)

MARC details
000 -LEADER
fixed length control field 02101nam a2200253 4500
008 - FIXED-LENGTH DATA ELEMENTS--GENERAL INFORMATION
fixed length control field s2004 fr fre u
020 ## - INTERNATIONAL STANDARD BOOK NUMBER
International Standard Book Number 9782725623924
040 ## - CATALOGING SOURCE
Original cataloging agency LB-BrCRDP
082 1# - DEWEY DECIMAL CLASSIFICATION NUMBER
Classification number 370.19
Item number LEL
100 1# - MAIN ENTRY--PERSONAL NAME
Personal name Lelièvre, Claude
245 12 - TITLE STATEMENT
Title L'école obligatoire : pour quoi faire ? Une question trop souvent éludée
Statement of responsibility, etc. Claude Lelièvre
260 ## - PUBLICATION, DISTRIBUTION, ETC.
Place of publication, distribution, etc. Paris
Name of publisher, distributor, etc. Retz
Date of publication, distribution, etc. 2004
300 ## - PHYSICAL DESCRIPTION
Extent 142 p.
Dimensions 19 cm
490 0# - SERIES STATEMENT
Series statement Défis d'éducation
500 ## - GENERAL NOTE
General note Sommaire.
520 ## - SUMMARY, ETC.
Summary, etc. Depuis son instauration à la fin du XIXe siècle, l'École obligatoire représente un grand défi pour la société : donner une instruction systématique à l'ensemble d'une génération d'enfants.Et l'École fait aujourd'hui tellement partie de notre vie sociale qu'il est devenu rare d'en interroger les objectifs fondamentaux, le " pour quoi faire ? ". Pour répondre à cette question cardinale, l'auteur nous convie à un passionnant voyage historique : remontant aux sources de notre système scolaire, il y a plus d'un siècle, il en rappelle le contexte et les grandes lignes. Il évoque les étapes principales qui en ont marqué l'évolution ainsi que les débats qui ont accompagné chaque changement majeur.Chemin faisant, Claude Lelièvre se plaît à contredire quelques grandes idées reçues concernant aussi bien l'École républicaine de Jules Ferry que la naissance du collège unique dans les années 1970 et à montrer que maints débats actuels fleurent bon le passé. Œuvre d'historien nourrie aux meilleurs travaux, cet ouvrage de synthèse concis permet à chacun de mieux comprendre les grandes problématiques qui agitent les débats autour de l'École républicaine, de sa fondation à nos jours ; il montre aussi de façon saisissante que la question des missions et du contenu de l'École obligatoire ne peut plus être aujourd'hui éludée.
650 4# - SUBJECT ADDED ENTRY--TOPICAL TERM
Topical term or geographic name entry element Enseignement
650 4# - SUBJECT ADDED ENTRY--TOPICAL TERM
Topical term or geographic name entry element Education
650 4# - SUBJECT ADDED ENTRY--TOPICAL TERM
Topical term or geographic name entry element Culture scolaire
650 4# - SUBJECT ADDED ENTRY--TOPICAL TERM
Topical term or geographic name entry element Sociologie de l'éducation
650 4# - SUBJECT ADDED ENTRY--TOPICAL TERM
Topical term or geographic name entry element Système scolaire
942 ## - ADDED ENTRY ELEMENTS (KOHA)
Koha item type Books
Holdings
Withdrawn status Lost status Source of classification or shelving scheme Damaged status Not for loan Home library Current library Shelving location Date acquired Source of acquisition Cost, normal purchase price Total Checkouts Full call number Barcode Date last seen Copy number Price effective from Koha item type
    Dewey Decimal Classification     مكتبة دار المعلمين و المعلمات - النبطية مكتبة دار المعلمين و المعلمات - النبطية Salle de Lecture 12/22/2011 Ambassade de France 0.00   370 LEL CRN2747 07/28/2016 1 07/28/2016 Books
    Dewey Decimal Classification     مكتبة دار المعلمين و المعلمات - بئر حسن مكتبة دار المعلمين و المعلمات - بئر حسن Salle de Lecture 07/08/2008 Ambassade de France 0.00   371.01 Lel CRB2285 07/27/2016 1 07/27/2016 Books
    Dewey Decimal Classification     مكتبة دار المعلمين و المعلمات - بئر حسن مكتبة دار المعلمين و المعلمات - بئر حسن Salle de Lecture 07/08/2008 Ambassade de France 0.00   371.01 Lel CRB2286 07/27/2016 2 07/27/2016 Books
    Dewey Decimal Classification     مكتبة دار المعلمين و المعلمات - جونية مكتبة دار المعلمين و المعلمات - جونية Salle de Lecture 01/07/2010 Ambassade de France 0.00   370.7 LEL. CRJ3909 07/27/2016 1 07/27/2016 Books
    Dewey Decimal Classification     مكتبة دار المعلمين و المعلمات - جونية مكتبة دار المعلمين و المعلمات - جونية Salle de Lecture 03/06/2010 Ambassade de France 0.00   370.7 LEL. CRJ4012 07/27/2016 2 07/27/2016 Books
    Dewey Decimal Classification     مكتبة دار المعلمين و المعلمات - زحلة مكتبة دار المعلمين و المعلمات - زحلة Salle de Lecture 06/03/2008 Amb. de France 14.20   370.19 LEL CRZ3116 07/27/2016 1 07/27/2016 Books
    Dewey Decimal Classification     مكتبة دار المعلمين و المعلمات - زحلة مكتبة دار المعلمين و المعلمات - زحلة Salle de Lecture 06/03/2008 Amb. de France 14.20   370.19 LEL CRZ3117 07/27/2016 2 07/27/2016 Books
    Dewey Decimal Classification     مكتبة دار المعلمين و المعلمات - صيدا مكتبة دار المعلمين و المعلمات - صيدا Salle de Lecture 05/29/2008 Ambassade de France 0.00   371.1 LEL CRS2467 07/28/2016 1 07/28/2016 Books
    Dewey Decimal Classification     مكتبة دار المعلمين و المعلمات - طرابلس مكتبة دار المعلمين و المعلمات - طرابلس Salle de Lecture 11/01/2008 Ambassade de France 0.00   371.3 LEL CRT2609 07/27/2016 1 07/27/2016 Books
    Dewey Decimal Classification     مكتبة دار المعلمين و المعلمات - طرابلس مكتبة دار المعلمين و المعلمات - طرابلس Salle de Lecture 03/21/2009 Ambassade de France 0.00   371.3 LEL CRT2959 07/27/2016 2 07/27/2016 Books